000 00234nam a22000857a 4500
999 _c10931
_d10931
008 180409b ||||| |||| 00| 0 eng d
100 _aKoshy, Sonymol z
_96739
245 _aComputers made Friendly
260 _aNew Delhi
_bCordova Publication